[Event "Klementowice op 2nd"]
[Site "Klementowice"]
[Date "2011.08.19"]
[Round "7"]
[White "Kapcia, Marcin"]
[Black "Pietras, Daniel"]
[Result "1/2-1/2"]
[WhiteElo "1550"]
[BlackElo "1443"]
[PlyCount "92"]
[EventDate "2011.08.14"]
[EventType "swiss"]
[EventRounds "9"]
[EventCountry "POL"]
[SourceTitle "CBM 144 Extra"]
[Source "ChessBase"]
[SourceDate "2011.10.28"]
[SourceVersion "1"]
[SourceVersionDate "2011.10.28"]
[SourceQuality "1"]

1. e4 c5 2. Nf3 a6 3. d4 cxd4 4. Nxd4 e6 5. Nc3 b5 6. a3 Bb7 7. Be3 Nf6 8. f3 d5 9. exd5 Nxd5 10. Nxd5 Qxd5 11. Nb3 Nd7 12. Qd4 Rc8 13. Bd3 Ne5 14. Be4 Qxd4 15. Nxd4 Bxe4 16. fxe4 Nc4 17. Bc1 Bc5 18. c3 Nd6 19. e5 Bxd4 20. cxd4 Nf5 21. 0-0 Nxd4 22. Be3 Nf5 23. Rac1 0-0 24. Bf2 h6 25. Rfd1 Rfd8 26. Kf1 Rxd1+ 27. Rxd1 Rc2 28. Rd8+ Kh7 29. Rd7 Kg6 30. g4 Nh4 31. Bxh4 Rxb2 32. Kg1 b4 33. axb4 Rxb4 34. h3 a5 35. Be1 Rb5 36. Bg3 a4 37. Ra7 Rb3 38. Kg2 a3 39. Bf2 Rc3 40. h4 Rb3 41. Bd4 Rd3 42. Ba1 Rd2+ 43. Kg3 a2 44. h5+ Kh7 45. Kf3 Kg8 46. Ra8+ Kh7 1/2-1/2

[Event "Klementowice op 2nd"]
[Site "Klementowice"]
[Date "2011.08.18"]
[Round "6"]
[White "Tarajkiewicz, Krzysztof"]
[Black "Kapcia, Marcin"]
[Result "1-0"]
[WhiteElo "1490"]
[BlackElo "1550"]
[PlyCount "97"]
[EventDate "2011.08.14"]
[EventType "swiss"]
[EventRounds "9"]
[EventCountry "POL"]
[SourceTitle "CBM 144 Extra"]
[Source "ChessBase"]
[SourceDate "2011.10.28"]
[SourceVersion "1"]
[SourceVersionDate "2011.10.28"]
[SourceQuality "1"]

1. e4 e5 2. d4 exd4 3. Qxd4 Nc6 4. Qe3 b6 5. Nc3 g6 6. Nf3 Bh6 7. Qe2 Bb7 8. Bxh6 Nxh6 9. h3 f6 10. Qe3 Nf7 11. Bc4 Nfe5 12. Nxe5 Nxe5 13. Bb3 c5 14. Nb5 Bc6 15. Nd6+ Ke7 16. Rd1 c4 17. Nxc4 Nxc4 18. Bxc4 Rf8 19. Qh6 Qe8 20. 0-0 Kd8 21. Qf4 Qxe4 22. Qxe4 Bxe4 23. Bd5 Bxd5 24. Rxd5 Re8 25. Rfd1 Re7 26. g4 Rc8 27. c3 Rc6 28. Kg2 Rce6 29. c4 Kc7 30. Kf3 Re2 31. R1d2 Rxd2 32. Rxd2 Kc6 33. b4 Re5 34. h4 d5 35. cxd5+ Rxd5 36. Rc2+ Kb5 37. Rc7 a6 38. Ke3 h6 39. a3 Ka4 40. Rc6 Rb5 41. Rxf6 Kxa3 42. Rxg6 Rxb4 43. f4 Kb3 44. f5 h5 45. f6 Rc4 46. f7 Rc3+ 47. Ke4 Rc4+ 48. Ke5 Rc5+ 49. Kd6 1-0